[Event "Zuerich Chess Challenge"]
[Site "Zuerich"]
[Date "2014.01.31"]
[Round "2"]
[White "Carlsen, Magnus"]
[Black "Aronian, Levon"]
[Result "1/2-1/2"]
[WhiteElo "2872"]
[BlackElo "2812"]
[Annotator "Marin,M"]
[PlyCount "80"]
[EventDate "2014.01.30"]
[EventType "tourn"]
[EventRounds "5"]
[EventCountry "SUI"]
[EventCategory "22"]
[SourceTitle "CBM 159"]
[Source "ChessBase"]
[SourceDate "2014.03.17"]
[SourceVersion "1"]
[SourceVersionDate "2014.03.17"]
[SourceQuality "1"]

1. c4 {Carlsen's intentions when opening the game with this move are not very
clear. In the fifth game of his match against Anand he soon transposed to 1.d4,
something Korchnoi used to do a lot in his matches against Karpov. In this
game, White will not be given this opportunity.} Nf6 2. Nc3 e5 3. Nf3 Nc6 4. g3
d5 5. cxd5 Nxd5 6. Bg2 Nb6 {In my opinion, the most testing system against the
English Opening. It is very hard to prove an objective advantage with White;
you mainly need to know all the typical ideas and try to outplay your opponent
by combining them in the most inspired way.} 7. O-O Be7 8. a3 O-O 9. d3 Re8 10.
b4 Bf8 11. Rb1 a5 12. b5 Nd4 13. e3 $5 {A rare move and, at this level, a
novelty. White usually does not play e2-e3 with the knight on f3 still.} (13.
Nd2 a4 14. e3 Ne6 15. Nf3 Nc5 16. d4 exd4 17. Nxd4 {This was supposed to be
good for White some 20 years ago, but things seem to have changed since then.}
Qg5 (17... g6 {Georgiev,K (2580)-Gelfand,B (2680) Manila 1990 CBM 019 [Ribli] 
(1/2, 91)}) 18. e4 Qg6 19. Bf4 Ne6 20. Nxe6 Bxe6 21. Bxc7 Rec8 22. Bxb6 Rxc3
23. Qd4 {1/2 Flores,D (2599)-Garcia Palermo,C (2479) Mar del Plata 2012}) (13.
Bb2 {used to be a favourite of Portisch:} a4 (13... Bg4 {Portisch,L (2605)
-Kortschnoj,V (2625) Wijk aan Zee 1990 CBM 017 [Ribli] (1-0, 39)}) 14. Nd2 {
Portisch,L (2605)-Petursson,M (2555) Wijk aan Zee 1990 CBM 017 [Ribli] (1/2,
39)}) 13... Nxf3+ 14. Bxf3 a4 (14... Bh3 $6 {offers White pleasant play:} 15.
Bxb7 $1 Bxf1 {Vezzosi,P (2362)-Ranola,Y (2432) Salsomaggiore Terme 2006 (0-1,
49)} 16. Qxf1 Rb8 17. Bc6 Re6 18. Bb2 Rd6 19. Rd1 $44) 15. Qe2 $146 {Planning
a long and logical regrouping.} ({The previously played} 15. Qc2 {does make
sense, though:} Ra5 ({If Black chooses the same setup as in the game with} 
15... Ra7 {White could speed up his initiative with} 16. Ne4 {[%cal Ge4c5]
inhibiting the development of the c8-bishop in view of the threat Nc5; here we
see that the queen is useful on c2 and that White is ready for action even
with incomplete development. One main thing is that the 7-rook is passive.} f5
17. Nd2 Be6 18. Bb2 Bd6 19. Nc4 Nxc4 20. dxc4 Qe7 21. Qc3 e4 22. Bh5 Rd8 23. f3
Qg5 24. f4 Qe7 25. g4 {White's position remains more pleasant, but is it
enough for anything?}) 16. Rd1 f5 $6 17. e4 $1 $14 {[%csl Gf4] Kristiansen,J 
(2445)-Jakobsen,O (2390) Copenhagen 1990 (1-0, 33)}) 15... Ra7 16. Bb2 Be6 17.
Rfc1 {Logical, but also a bit slow. If the rooks go on the b- and c-files, the
queen is surely well placed on e2.} Qd7 ({Aronian does not feel like embarking
double edged action such as} 17... f5 18. e4 f4 19. gxf4 exf4 20. Kh1 $5 {
[%cal Gc1g1]}) 18. Ne4 Ba2 $1 {At some later point it will appear that the
white queen's rook actually stands better on a1 than on b1. And yet, at this
point in the game, the last move is the best.} (18... Bd5 19. Nc5 $14 Qxb5 $2
20. Bxe5 $16 {Here we see the role of the b1-rook.}) (18... Bb3 19. Nd2 Ba2 20.
Ra1 Bd5 21. Bxd5 Nxd5 22. e4 Nb6 23. Nf3 Bd6 (23... Qxb5 24. Rab1 $1 {[%cal
Gb2e5] Even with a loss of one tempo the rook is quite effective here, for
instance} Qa5 $6 25. Rxc7 Bd6 26. Bc3 Qa6 27. Ng5 $1 {[%cal Ge2h5]} h6 28. Qh5
Rf8 29. Nxf7 Bxc7 30. Nxh6+ gxh6 31. Qg6+ Kh8 32. Qxh6+ Kg8 33. Qg6+ Kh8 34.
Rxb6 $1 Qxb6 35. Bxe5+ Bxe5 36. Qxb6 $16 {lots of pawns...}) 24. d4 $14 {
[%csl Ga7]}) 19. Ra1 Bd5 20. Bg4 {Aiming to provoke some weakening of Black's
position.} Qd8 ({Actually,} 20... f5 {was entirely playable, but the following
variation had to be calculated accurately.} 21. Bh3 Ra5 22. Ng5 Bd6 23. e4 Qe7
$1 {Exiting the pin and attacking the knight.} 24. Qd2 Rxb5 $1 25. exd5 Rxb2
26. Qxb2 Qxg5 $44 {There is no obvious way to breakthrough with White. In fact,
it is mainly Black who could think of a pawn attack on the kingside.}) 21. Bc3
Nd7 22. Bf3 $6 {Giving away the chances to keep the micro-initiative.} (22. Qb2
$5 {[%cal Gc3b4] The bishop exchange would spare White any troubles with the
a3-pawn and would ensure some queenside space for the major pieces.} b6 ({
The bishop would be exposed after} 22... Bb3 23. Bb4 Bxb4 24. axb4 b6 25. Rc3 {
[%cal Gc3b3]} Bd5 26. Nd2 Nf6 27. Bd1 $16 {[%csl Ga4]}) 23. Bb4 Bxe4 24. dxe4
Bxb4 25. Qxb4 Nc5 26. Be2 Ra8 27. Bc4 $1 Qf6 (27... Nxe4 $2 28. Bxf7+ $1 $16)
28. Rc2 Rad8 29. Bd5 $14 {[%csl Ga4,Gc7][%cal Ga1c1,Gc2c5]}) 22... b6 $1 {
[%cal Gd7c5] Crossing White's plans.} ({There was absolutely no need to fall
into the thematic trap} 22... f5 $2 23. Nd6 $1 $16 Bxf3 24. Qa2+ $1 $18) 23.
Bb4 $5 {Not the optimal way to exchange bishops, but a reasonable one...} ({
Now is too late for} 23. Qb2 {in view of} Nc5 $1) 23... Bxb4 24. axb4 Qe7 25.
Nc3 Bxf3 26. Qxf3 Nf6 $1 (26... a3 $6 {not only fails to keep the pawn, but
also hands over the initiative to White:} 27. Nd5 Qd8 (27... Qd6 $2 28. Rc6 $18
) 28. Rc3 $16 {[%csl Ga3]}) ({Or if} 26... Qxb4 $6 27. Qc6 Rd8 {White has a
pleasant choice already} 28. Nd5 $1 (28. Nxa4 $5 $14 Rxa4 $2 29. Qxc7 $1) 28...
Qb3 29. Nxc7 $16 {Black's poor coordination seems to be more relevant than his
passed pawn.}) 27. Rxa4 Rxa4 28. Nxa4 Qxb4 $11 29. Nc3 Qb2 30. Qd1 Rd8 31. Kg2
h6 32. h3 Rxd3 {Actually, any reasonable move would suffice for equality. True,
White's structure is more compact, but Black is quite active.} (32... Rd7 $11)
33. Qxd3 Qxc1 34. Qd8+ Kh7 35. Qxc7 Ne4 $1 {Otherwise Black would be in some
trouble.} (35... e4 36. Qe5 Qc2 37. Nd5 Nxd5 38. Qxd5 $16 {[%csl Gb6,Ge4,Gf7]})
36. Qxe5 (36. Qxf7 $11) 36... Nxc3 37. Qf5+ Kg8 38. Qc8+ Kh7 39. Qf5+ Kh8 40.
Qc8+ Kh7 1/2-1/2

[Event "Benasque op 20th"]
[Site "Benasque"]
[Date "2000.07.11"]
[Round "6"]
[White "Marin, Mihail"]
[Black "Garcia Martinez, Silvino"]
[Result "1-0"]
[WhiteElo "2557"]
[BlackElo "2442"]
[Annotator "Marin,M"]
[PlyCount "67"]
[EventDate "2000.07.06"]
[EventType "swiss"]
[EventRounds "10"]
[EventCountry "ESP"]
[SourceTitle "CBM 078"]
[Source "ChessBase"]
[SourceDate "2000.10.18"]
[SourceVersion "1"]
[SourceVersionDate "2000.10.18"]
[SourceQuality "1"]

1. c4 e5 2. Nc3 Nf6 3. Nf3 Nc6 4. g3 Bc5 5. Bg2 O-O 6. O-O d6 7. d3 h6 8. a3 a6
9. b4 Ba7 10. Bb2 Bd7 $5 {Black prepares to attack on the wing where we are
used to see white having the upper hand.} 11. Rc1 Rb8 12. e3 {White takes all
the important central squares under control.} b5 13. Nd2 (13. Nd5 Nxd5 14. cxd5
Ne7 15. Qb3 {(/\e4, d4)} Kh8 (15... c6 16. Nxe5 dxe5 17. dxc6 Be6 18. Qc3 $44)
16. Nxe5 $5 (16. e4 f5) (16. d4 e4 17. Nd2 f5 18. f3 exf3 19. Bxf3 Ng8) 16...
dxe5 17. Bxe5 Rc8 18. Qc3 Nf5 (18... f6 19. Bxc7 Qe8 $13) 19. e4 f6 20. Bxc7
Nd4 $1) 13... Ne7 14. Nb3 Bg4 (14... c5 15. cxb5 axb5 16. Na2) (14... c6 15.
Ne2 Ng6 16. c5 d5 17. f4 $14) 15. Qd2 Qd7 16. Nd5 Nexd5 17. cxd5 {If white
will manage to prevent f5-f4, the bishop on a7 will be completely out of play.}
Nh7 (17... Bh3 18. e4 $14) 18. f4 $14 f6 (18... exf4 19. gxf4 Rbe8 20. Bd4 $16
{and there is no compensation for the weakened queen side.}) 19. Kh1 Bb6 20. e4
{White intends to attack on the queen side, even if it seems well protected by
the bishop. The general plan is /\Rc6, Nc5, and after dxc5 the (extra-)bishop
will have a miserable life.} Bh3 21. Bxh3 Qxh3 22. Qg2 Qxg2+ (22... Qd7 23. Rc6
) 23. Kxg2 g5 24. Rc6 ({Safer would have been} 24. f5 g4 25. h4) 24... gxf4 25.
gxf4 Rf7 {Now black has some counterplay.} 26. Rf3 Kh8 (26... exf4 27. Bd4 (27.
Rxf4 Rg7+ $132)) 27. Bc1 Rg8+ 28. Rg3 exf4 (28... h5 $142 29. f5 $14) 29. Bxf4
$16 h5 $6 30. Bxd6 $18 h4 31. Rxg8+ Kxg8 32. Bf4 (32. Bc5 $5 Rg7+ 33. Kf2 h3)
32... Nf8 (32... Rg7+ 33. Kh3 Ng5+ 34. Bxg5 fxg5 35. Kg4 $18) 33. Nc5 (33. d4
Ng6 34. Kf3 Ne5+) 33... Ng6 34. Kf3 (34. Kf3 Ne5+ (34... Ne7 35. Re6 f5 36.
Nxa6 $18) 35. Bxe5 fxe5+ 36. Kg4 $18) 1-0

[Event "Corus"]
[Site "Wijk aan Zee"]
[Date "2007.01.23"]
[Round "9"]
[White "Aronian, Levon"]
[Black "Topalov, Veselin"]
[Result "1/2-1/2"]
[WhiteElo "2744"]
[BlackElo "2783"]
[Annotator "Marin,M"]
[PlyCount "56"]
[EventDate "2007.01.13"]
[EventType "tourn"]
[EventRounds "13"]
[EventCountry "NED"]
[EventCategory "19"]
[SourceTitle "CBM 117"]
[Source "ChessBase"]
[SourceDate "2007.03.30"]
[SourceVersion "1"]
[SourceVersionDate "2007.03.30"]
[SourceQuality "1"]

1. c4 e5 2. Nc3 Nf6 3. Nf3 Nc6 4. g3 d5 5. cxd5 Nxd5 6. Bg2 Nb6 7. O-O Be7 8.
Rb1 $5 {White intends to start the thematic counterattack based on b4-b5 as
soon as possible.} a5 {A radical way to cross White's plans.} (8... f6 {
overdefends the e5-pawn, preventing b4, but weakens the a2-g8 diagonal, which
makes} 9. d4 $5 {a dangerous break, as in Khalifman,A (2635)-Tiviakov,S (2625)/
Linares 1995/CBM 046/[Ribli] (1-0, 74).}) ({Anothar radical move is} 8... g5 {
, designed by Kortschnoj.}) 9. d3 {White gives up his initial intentions of
giving play a dynamic character. Instead, he aims for a reversed Dragon, where
his extra-tempo (Rb1) might be not too relevant, as the rook usually goes to
c1 anyway. Sometimes, he could still save a tempo by refraining from a3, but
this is a double edged issue as I had the occasion to convince myself (see
below).} (9. b3 {was repeatedly played, but White could not really prove an
advantage.}) 9... Be6 ({If we reverse colours, after} 9... Bg4 10. Be3 O-O 11.
Rc1 f5 12. Na4 Nxa4 13. Qxa4 Bd6 14. Rfe1 Qe7 15. Qb5 $14 {we would get the
position of the game Anand-Topalov Linares 1994, where a genuine Dragon was
played and Topalov eventually won.}) 10. Be3 O-O (10... Nd5 11. Nxd5 Bxd5 12.
Qa4 O-O 13. Rbc1 (13. Rfc1 $5 Bd6 14. a3) 13... Bd6 14. Rfd1 $2 ({Here,} 14. a3
{would have been necessary, transposing to a genuine reversed Dragon.}) 14...
Nb4 $1 15. Nd2 c6 $15 16. d4 $4 b5 17. Qa3 Nxa2 $19 {Marin,M (2601)-Sarwat,W 
(2356)/Cairo 2001/CBM 082 ext (0-1, 26)}) 11. Bxb6 $5 {In the Dragon, this
exchange is considered to be questionable. Here, White's extra-tempo might
count.} cxb6 12. e3 $146 {White declares his intentions to put his central
pawns into motion as soon as possible.} (12. Qa4 f5 (12... f6 13. Rfd1 Qe8 14.
e3 Qf7 {Here we can see that it has been useful for White to refrain from a3,
because the b3-square is protected.} 15. d4 exd4 16. exd4 Nb4 17. d5 $1 $14 {
Kasparov,G (2830)-Faulks,N (2041)/London simul 2003/EXT 2004 (1-0, 40)}) 13.
Rfd1 Bf6 14. e3 Qe7 15. d4 e4 16. Nd2 Nb4 17. Bf1 {While here, the occupation
of the b4-square by the black knight is not dangerous for White.} Rac8 18. a3
Nd5 19. Rdc1 Rfd8 20. Bc4 Qf7 21. Nxd5 Bxd5 22. Qb5 Rc6 23. Rc3 $14 {
Stefansson,H (2500)-Bjornsson,T (2290)/Island 1993/TD (1-0, 33)}) (12. Nd2 {
Gabriel,C (2475)-Georgiev,K (2605)/Altensteig 1995/CBM 049/[Ribli] (0-1, 20)})
12... b5 $5 {This seems to be an entirely adequate reaction against Topalov's
novelty. By getting rid of his double pawns, Black gets a comfortable position.
} 13. Nxb5 Bxa2 14. Rc1 a4 15. Nc3 Bb3 16. Qe2 Be6 17. Ra1 a3 18. bxa3 Rxa3 19.
Rxa3 Bxa3 20. Nb5 Be7 21. d4 Bg4 $11 {Soon, the position will simplify to an
obvious draw.} 22. h3 Bxf3 23. Bxf3 exd4 24. exd4 Bf6 25. Rd1 Qb6 26. Qc4 Rd8
27. Kg2 Nxd4 28. Nxd4 Rxd4 1/2-1/2

[Event "Olympiad-40"]
[Site "Istanbul"]
[Date "2012.09.09"]
[Round "11.2"]
[White "Wang, Yue"]
[Black "Ponomariov, Ruslan"]
[Result "1/2-1/2"]
[WhiteElo "2685"]
[BlackElo "2734"]
[Annotator "Marin,M"]
[PlyCount "98"]
[EventDate "2012.08.28"]
[EventType "team-swiss"]
[EventRounds "11"]
[EventCountry "TUR"]
[SourceTitle "CBM 151"]
[Source "ChessBase"]
[SourceDate "2012.11.13"]
[SourceVersion "1"]
[SourceVersionDate "2012.11.13"]
[SourceQuality "1"]
[WhiteTeam "China"]
[BlackTeam "Ukraine"]
[WhiteTeamCountry "CHN"]
[BlackTeamCountry "UKR"]

1. c4 e5 2. g3 Nf6 3. Bg2 d5 4. cxd5 Nxd5 5. Nc3 Nb6 6. Nf3 Nc6 7. a3 Be7 8. b4
Be6 9. d3 O-O 10. O-O Nd4 11. Bb2 Nxf3+ 12. Bxf3 c6 13. Ne4 Nd7 14. Qc2 Bd5 15.
Bc3 ({The first game which brought this variation into the limelight went} 15.
Nd2 Bxf3 16. Nxf3 Bd6 17. Nd2 Qe7 18. Ne4 Rae8 19. Nxd6 Qxd6 20. a4 {Kasparov,
G (2760)-Salov,V (2595)/Moscow 1988/URS-ch (1-0, 58). Although Kasparov won a
good endgame, the general feeling was that he did not have an advantage out of
the opening.}) 15... Re8 16. a4 $146 {Strictly speaking, this is a new move,
but it does not change the character of the position.} (16. Rfd1 Rc8 17. Qb2
Bf8 18. Nd2 Bxf3 19. Nxf3 Bd6 20. a4 a6 21. Nd2 Bf8 22. Nc4 b5 $5 {Vitiugov,N 
(2722)-Wang Hao (2724)/Ningbo 2010/CBM 138 (0-1, 36)}) 16... Bf8 17. Nd2 Bxf3
18. Nxf3 Rc8 19. Rfd1 Qe7 20. Qb2 Rc7 21. b5 {In fact, the true novelty is
that the knight has stayed on f3.} e4 $5 $132 {And Black immediately takes
advantage of it.} 22. dxe4 Qxe4 23. bxc6 Qxc6 24. Bd4 Nc5 25. a5 Qe6 26. Be3
Qa6 27. Rdc1 g6 28. Qa2 Rec8 29. Bf4 Bd6 30. Bh6 Ne6 31. Rxc7 Rxc7 32. Rd1 Qc6
33. h4 Bf8 34. Be3 b5 35. axb6 axb6 36. Ne5 Qc2 37. Qd5 Qxe2 38. Bxb6 Bc5 39.
Bxc7 Bxf2+ 40. Kh1 Bxg3 41. Nf3 Bxc7 42. Re1 Qf2 43. Rxe6 Qf1+ 44. Ng1 fxe6 45.
Qxe6+ Qf7 46. Qxf7+ Kxf7 47. h5 g5 48. Nh3 Kf6 (48... h6 49. Nf2 Be5 50. Ng4
Bg7 51. Kg2 $11) 49. Nxg5 Ke5 1/2-1/2

[Event "EU-Cup 23rd"]
[Site "Kemer"]
[Date "2007.10.06"]
[Round "4.2"]
[White "Tomashevsky, Evgeny"]
[Black "Horvath, Adam"]
[Result "1-0"]
[WhiteElo "2646"]
[BlackElo "2501"]
[Annotator "Marin,M"]
[PlyCount "69"]
[EventDate "2007.10.03"]
[EventType "team-swiss"]
[EventRounds "7"]
[EventCountry "TUR"]
[SourceTitle "CBM 121"]
[Source "ChessBase"]
[SourceDate "2007.11.14"]
[SourceVersion "1"]
[SourceVersionDate "2007.11.14"]
[SourceQuality "1"]
[WhiteTeam "Saratov Economist"]
[BlackTeam "Zalaegerszeg"]
[WhiteTeamCountry "RUS"]
[BlackTeamCountry "HUN"]

1. c4 e5 2. Nc3 Nf6 3. Nf3 Nc6 4. g3 Nd4 5. Bg2 Nxf3+ 6. Bxf3 Bb4 7. O-O O-O 8.
Bg2 $5 {A slightly mysterious move. One of its hidden points is that it clears
the path for the f2-pawn, allowing the development of a dangerous kingside
initiative should the centre remain closed. Also, the sometimes disturbing ...
Bh3 is prevented.} Re8 (8... d6 $6 {[%csl Rb4] leaves the bishop isolated from
the rest of its army.} 9. Qb3 Ba5 {10...a5!?} (9... Bc5 10. Na4 $14) 10. Qa3 {
[%cal Gb2b4,Gc4c5,Ya5b6]} c6 (10... c5 11. d3 $14 {[%csl Rd5][%cal Gc1g5] /\
Bg5, ><d5} h6 12. f4 $5 $36) 11. d3 {[%csl Rc6,Rd5][%cal Gc1g5,Gb2b4,Gb4b5]} h6
12. b4 Bb6 (12... Bc7 13. b5 $36) 13. c5 Bc7 14. cxd6 Bxd6 15. Qb2 Qe7 16. b5
$14 {Azmaiparashvili,Z (2610)-Kindermann,S (2560)/Dortmund 1990/CBM 018/[Ribli]
(1-0, 39)}) (8... h6 9. d3 Re8 10. e4 d6 11. f4 {This attack is more dangerous
than it might look at first sight, while the weakness of the d4-square is not
too relevant, especially since Black's only remaining knight is quite far from
it.} c6 12. Kh1 Bc5 13. Rb1 ({The point behind the last move remains unclear
to me.} 13. f5 $5 {could have been played immediately. Maybe White had not
made up his mind yet.}) 13... a6 14. f5 b5 15. g4 {With the dark-squared
bishop cut off from the kingside, Black has serious problems. Had the bishop
been placed "passively" on e7, he could have kept the enemy pawns under
control with ...Nh7 and ...Bg5.} b4 16. Na4 Bd4 {Nicely placed, but, basically.
.. out of play!} 17. g5 $1 hxg5 18. Bxg5 c5 19. Qe1 Bd7 (19... Qc7 20. Bxf6
gxf6 21. Qh4 $16 {[%csl Rf6][%cal Gf1f3,Gf3g3]}) (19... Qa5 $5 20. Bxf6 gxf6
21. Qh4 Qxa4 22. Qxf6 $18 {[%csl Rg7][%cal Gf6g5,Gf5f6]}) 20. Qh4 $3 $40 {
[%csl Rf6,Rg7][%cal Gf1f3,Gf3h3] Jobava,B (2650)-Mchedlishvili,M (2583)/
Tbilisi 2007/CBM 117 ext (1-0, 25)}) ({Tomashevsky had had a previous (short)
experience with this line:} 8... c6 9. d4 d6 {1/2-1/2 Tomashevsky,E (2641)
-Eljanov,P (2686)/Dresden 2007/CBM 118} (9... Bxc3 10. bxc3 e4 11. Bg5 Re8 12.
f3 $36) {The position is still far from dead drawn:} 10. Qb3 $5 exd4 (10... Ba5
11. d5 $14) 11. Qxb4 dxc3 12. Qxc3 Re8 13. Be3 Bf5 14. Rad1 $14) 9. d3 (9. Qc2
c6 10. a3 Bxc3 11. bxc3 d6 12. Rb1 h6 13. d3 Qc7 14. e4 b6 15. f4 Qe7 16. Qf2
Bb7 17. h3 d5 18. fxe5 Qxe5 {Zhang Zhong (2633)-Volkov,S (2629)/playchess.com
INT 2004/CBM 099 ext (1/2-1/2, 51)} 19. exd5 cxd5 20. Bxh6 $36) 9... c6 10. e4
$5 $146 {Aiming for the same brutal plan as in Jobava's game. If Black
refrains from action in the centre, the fact that he has not yet played ...h6
does not absolve him from problems, because something must be done about the
crushing threat f4-f5 and g4-g5.} (10. Qb3 Bc5 11. h3 h6 12. Kh2 Bb6 13. Na4
Bc7 14. e4 Rb8 15. Nc3 a6 16. a4 d6 17. Be3 b5 $10 {Lautier,J (2645)-Salov,V 
(2660)/Madrid 1993/CBM 036/[Ribli] (0-1, 94)}) (10. Bg5 h6 11. Bxf6 Qxf6 12.
Ne4 Qd8 13. c5 d5 14. cxd6 Bxd6 15. Rc1 Be6 16. Qa4 Bd5 17. Nxd6 Qxd6 18. Bxd5
Qxd5 (18... cxd5 19. Rc2 {would have allowed White to occupy the only open file
}) 19. Qc4 Rad8 20. Rfd1 Qxc4 21. Rxc4 f6 {[%cal Gb2b4,Ga2a4] Azmaiparashvili,
Z (2540)-Epishin,V (2475)/Tallinn 1988/EXT 2000 (1-0, 59). The position is
basically equal, but remains assymetrical. White was able to maintain the
pressure for a long time and eventually win.}) 10... Bxc3 11. bxc3 d5 {This is
a standard reaction against White's apparently solid structure, but here Black
will fail to stabilize the position in his favour.} 12. cxd5 cxd5 13. Bg5 $1
dxe4 (13... Be6 14. Rb1 $5 {This is probably better than the immediate capture
on f6, when the weakness of the black kingside (...gxf6) might be not that
easy to take advantage of. The idea of White's last move is to prevent ...Qb6+
before advancing his f-pawn.} Qd7 (14... b6 15. f4 $36) 15. f4 dxe4 16. Bxf6
gxf6 17. Bxe4 $36) 14. Bxe4 h6 15. Bxf6 Qxf6 16. Rb1 {White has an active
placement of pieces and the pressure against the b7-pawn causes Black problems
with the completion of his development.} Re7 (16... Rb8 17. Qa4 $36 {[%csl Ra7,
Re8]}) 17. c4 {A great future is reserved to this pawn...} Bf5 $6 (17... Rb8
18. Qa4 b6 (18... a6 19. c5 $14) 19. c5 Bf5 20. Rfc1 $14 {White is better
coordinated and can choose between creating a dangerous passed pawn with c6 or
increasing the pressure against the b6-pawn.}) 18. Bxb7 Rd8 19. Bd5 Qg6 20. Rb3
Be6 21. Bxe6 Rxe6 22. c5 $16 {White is a pawn up. Black will need considerable
effort to win the d3-pawn back, allowing the c-pawn to reach the seventh rank,
with decisive effects.} e4 23. d4 Qf5 24. Qc2 Qf6 25. Rd1 Rxd4 26. Rxd4 Qxd4
27. c6 Re8 28. c7 Rc8 29. Rb8 Qd7 30. Rxc8+ Qxc8 31. Qc5 Kh7 32. Qc6 g6 33. h3
Kg7 34. Qc5 a6 35. Qd4+ 1-0